000 01939cam a2200517 a 4500
001 16469769
003 OSt
005 20140327150632.0
008 100921s2009 nyuab j 000 1 eng d
010 _a 2010293396
020 _a9780545021388 (pbk.)
020 _a0545021383
020 _a9781442024199 (Paw Prints)
020 _a1442024194 (Paw Prints)
035 _a(OCoLC)ocn277204430
040 _aBTCTA
_cBTCTA
_dGO3
_dNXA
_dZQP
_dLEO
_dUPZ
_dXY4
_dIHI
_dEHH
_dVP@
_dDLC
041 1 _aeng
_hita
042 _alccopycat
050 0 0 _aPZ 7
_b.St857Sch 2009
082 0 0 _a[Fic]
100 _aStilton, Geronimo
130 0 _aScuola de formaggio.
_lEnglish.
_926384
245 1 2 _aA fabumouse school adventure /
_cGeronimo Stilton.
260 _aNew York :
_bScholastic,
_cc2009.
300 _a111 p. :
_bcol. ill., col. maps ;
_c20 cm.
500 _a"Original title: A scuola di formaggio"--T.p. verso.
500 _a"#38"--Spine.
520 _aWhen his nephew invites him to Career Day at school, Geronimo causes havoc. How is he going to get himself out of this mess?
521 1 _aG4
526 _c660
562 _eFor circulation. 1 copy in the collection
650 0 _aStilton, Geronimo (Fictitious character)
_vJuvenile fiction.
_926385
650 0 _aMice
_vJuvenile fiction.
_926386
650 0 _aOccupations
_vJuvenile fiction.
_926387
650 0 _aSchools
_vJuvenile fiction.
_926388
650 1 _aStilton, Geronimo (Fictitious character)
_vFiction.
_926389
650 1 _aMice
_vFiction.
_926390
650 1 _aOccupations
_vFiction.
_926391
650 1 _aSchools
_vFiction.
_926392
655 1 _aHumorous stories.
_95365
856 4 2 _3Publisher description
_uhttp://www.loc.gov/catdir/enhancements/fy1112/2010293396-d.html
906 _a7
_bcbc
_ccopycat
_d2
_encip
_f20
_gy-gencatlg
942 _2lcc
_cBK
999 _c34151
_d34151